[Event "Charlotte CCCSA Fall GM-B"]
[Site "Charlotte"]
[Date "2023.11.17"]
[Round "1"]
[White "Hilby, Craig"]
[Black "Ringoir, Tanguy"]
[Result "1/2-1/2"]
[WhiteElo "2402"]
[BlackElo "2507"]
[PlyCount "53"]
[EventDate "2023.11.17"]
[EventType "tourn"]
[EventRounds "9"]
[EventCountry "USA"]
[EventCategory "8"]
[SourceTitle "CB48_2023"]
[SourceDate "2023.11.29"]
[SourceVersion "1"]
[SourceVersionDate "2023.11.29"]
[SourceQuality "1"]

1. e4 c5 2. Nf3 d6 3. d4 cxd4 4. Nxd4 Nf6 5. Nc3 a6 6. Be3 e5 7. Nf3 Be7 8. h3 Be6 9. g4 h6 10. g5 hxg5 11. Nxg5 Nc6 12. Rg1 Qa5 13. a3 d5 14. b4 Qd8 15. exd5 Bxd5 16. Qd3 e4 17. Qd2 Ne5 18. 0-0-0 Bc6 19. Qxd8+ Rxd8 20. Bd4 Nfd7 21. Ngxe4 Rh4 22. Bg2 f5 23. Ng3 g6 24. Nd5 Bxd5 25. Bxd5 Nf6 26. Bxe5 Rxd5 27. Rxd5 1/2-1/2

[Event "Charlotte op"]
[Site "Charlotte"]
[Date "2023.01.14"]
[Round "1"]
[White "Hilby, Craig"]
[Black "Parker, Anthony"]
[Result "1/2-1/2"]
[WhiteElo "2412"]
[BlackElo "2002"]
[PlyCount "173"]
[EventDate "2023.01.14"]
[EventType "swiss"]
[EventRounds "6"]
[EventCountry "USA"]
[SourceTitle "CBM 212 Extra"]
[Source "ChessBase"]
[SourceDate "2023.03.31"]
[SourceVersion "1"]
[SourceVersionDate "2023.03.31"]
[SourceQuality "1"]

1. e4 d6 2. d4 Nf6 3. Nc3 g6 4. Be3 Bg7 5. Qd2 c6 6. Bh6 Bxh6 7. Qxh6 c5 8. dxc5 dxc5 9. e5 Nfd7 10. Qg7 Rf8 11. 0-0-0 Nc6 12. e6 fxe6 13. Qxh7 Nce5 14. Nf3 Qc7 15. Nxe5 Nxe5 16. Bb5+ Bd7 17. Bxd7+ Nxd7 18. Qxg6+ Rf7 19. Qxe6 Qf4+ 20. Kb1 0-0-0 21. Nd5 Qxf2 22. Nxe7+ Kb8 23. Qd6+ Ka8 24. Nd5 a6 25. Nb6+ Ka7 26. Qc7 Nxb6 27. Qxd8 Qxg2 28. h4 Rf2 29. Qg5 Qc6 30. Rhf1 Rg2 31. Rf6 Rxg5 32. Rxc6 Rh5 33. Rc7 Kb8 34. Rg7 Rxh4 35. a3 Rh6 36. Rd8+ Ka7 37. Rf8 Nc4 38. a4 Rh1+ 39. Ka2 Rh2 40. Rff7 Na5 41. c3 Rh4 42. b3 Rh2+ 43. Kb1 Rh1+ 44. Kc2 Rh2+ 45. Kd1 Rh1+ 46. Ke2 Rb1 47. Rf5 Nxb3 48. Kd3 Ra1 49. Rg4 Kb6 50. Kc2 Na5 51. Rh5 Ra2+ 52. Kb1 Rf2 53. Rg6+ Nc6 54. Rgg5 Ka5 55. Rg4 Rf1+ 56. Kb2 Kb6 57. Rc4 Rf2+ 58. Ka3 Rf7 59. Rcxc5 Rd7 60. Rcg5 Rc7 61. a5+ Ka7 62. Rh8 Re7 63. c4 Re3+ 64. Kb2 Re2+ 65. Kc3 Re3+ 66. Kc2 Re2+ 67. Kd3 Ra2 68. Rhh5 Ra3+ 69. Ke4 Ra4 70. Rc5 Ra1 71. Kf4 Rf1+ 72. Kg5 Re1 73. Kf6 Re2 74. Rh7 Kb8 75. Rg5 Ra2 76. Ke6 Nxa5 77. Rg8+ Ka7 78. c5 Rc2 79. Kd6 Rd2+ 80. Kc7 Rd5 81. c6 Rc5 82. Rg6 Nxc6 83. Kd6 Rb5 84. Kc7 Rc5 85. Kd6 Rb5 86. Kc7 Rc5 87. Kd6 1/2-1/2

[Event "Charlotte op"]
[Site "Charlotte"]
[Date "2023.01.14"]
[Round "2"]
[White "Liu, Ethan1111"]
[Black "Hilby, Craig"]
[Result "0-1"]
[WhiteElo "1855"]
[BlackElo "2412"]
[PlyCount "56"]
[EventDate "2023.01.14"]
[EventType "swiss"]
[EventRounds "6"]
[EventCountry "USA"]
[SourceTitle "CBM 212 Extra"]
[Source "ChessBase"]
[SourceDate "2023.03.31"]
[SourceVersion "1"]
[SourceVersionDate "2023.03.31"]
[SourceQuality "1"]

1. e4 e5 2. Nf3 Nc6 3. Bb5 a6 4. Ba4 d6 5. 0-0 Bg4 6. h3 h5 7. c3 Qf6 8. d3 Nge7 9. Re1 Bxf3 10. Qxf3 Qxf3 11. gxf3 g5 12. Be3 0-0-0 13. Bb3 d5 14. d4 exd4 15. cxd4 f5 16. exd5 Nxd5 17. Nc3 Nxe3 18. fxe3 f4 19. d5 Ne5 20. Kg2 g4 21. exf4 Nxf3 22. Red1 Nh4+ 23. Kh2 Bd6 24. Ne2 Rde8 25. Bc4 Re3 26. hxg4 hxg4 27. Rh1 Rh3+ 28. Kg1 Bc5+ 0-1

[Event "US Masters op"]
[Site "Charlotte"]
[Date "2022.11.26"]
[Round "7"]
[White "Negi, Parimarjan"]
[Black "Hilby, Craig"]
[Result "1-0"]
[WhiteElo "2639"]
[BlackElo "2411"]
[PlyCount "98"]
[EventDate "2022.11.23"]
[EventType "swiss"]
[EventRounds "9"]
[EventCountry "USA"]
[SourceTitle "CBM 211 Extra"]
[Source "ChessBase"]
[SourceDate "2023.01.31"]
[SourceVersion "1"]
[SourceVersionDate "2023.01.31"]
[SourceQuality "1"]

1. e4 e6 2. d4 d5 3. Nc3 Nf6 4. e5 Nfd7 5. f4 c5 6. Nf3 Nc6 7. Ne2 f6 8. c3 Qb6 9. h4 Be7 10. Ng3 cxd4 11. cxd4 Bb4+ 12. Ke2 0-0 13. Be3 fxe5 14. fxe5 Ba5 15. Rb1 Qc7 16. Rc1 Bb6 17. Kd2 Ba5+ 18. b4 Bxb4+ 19. Ke2 Qb8 20. Kf2 Ndxe5 21. dxe5 Nxe5 22. Qd4 Bd6 23. Nh5 Rf5 24. Nxg7 Kxg7 25. Bd3 Rf6 26. Bb1 Nxf3 27. gxf3 e5 28. Rhg1+ Kf7 29. Qxd5+ Be6 30. Qd3 Bf5 31. Qb5 a6 32. Qb2 e4 33. a4 Be5 34. Ba2+ Be6 35. Bxe6+ Rxe6 36. Qb3 Qd8 37. Rg5 Rb8 38. f4 Bd4 39. Rf5+ Bf6 40. Rd1 Qe7 41. Bc5 Qc7 42. Bd4 Ke7 43. Bc5+ Kf7 44. Rd6 Rbe8 45. Qd5 R8e7 46. Rxf6+ Kxf6 47. Qe5+ Kf7 48. Rxe6 Qxc5+ 49. Qxc5 Kxe6 1-0

[Event "US Masters op"]
[Site "Charlotte"]
[Date "2022.11.25"]
[Round "5"]
[White "Hilby, Craig"]
[Black "Jacobson, Brandon"]
[Result "1/2-1/2"]
[WhiteElo "2411"]
[BlackElo "2551"]
[PlyCount "49"]
[EventDate "2022.11.23"]
[EventType "swiss"]
[EventRounds "9"]
[EventCountry "USA"]
[SourceTitle "CBM 211 Extra"]
[Source "ChessBase"]
[SourceDate "2023.01.31"]
[SourceVersion "1"]
[SourceVersionDate "2023.01.31"]
[SourceQuality "1"]

1. d4 Nf6 2. Nf3 g6 3. Nbd2 Bg7 4. e4 d6 5. Bd3 0-0 6. 0-0 c5 7. c3 cxd4 8. cxd4 Nc6 9. d5 Nb4 10. Bb1 a5 11. Nb3 Bd7 12. Nbd4 Na6 13. h3 Nc5 14. Re1 b5 15. Bg5 Qb6 16. Qd2 Rfe8 17. Bc2 a4 18. Rac1 e5 19. dxe6 Nxe6 20. Nxe6 Bxe6 21. Bb1 Bc4 22. Qb4 Nd7 23. Be3 Qa5 24. Qxa5 Rxa5 25. Bd4 1/2-1/2

[Event "Charlotte CCCSA Fall GM-B"]
[Site "Charlotte"]
[Date "2022.11.21"]
[Round "7"]
[White "Hilby, Craig"]
[Black "Paragua, Mark"]
[Result "0-1"]
[WhiteElo "2411"]
[BlackElo "2466"]
[PlyCount "100"]
[EventDate "2022.11.18"]
[EventType "tourn"]
[EventRounds "9"]
[EventCountry "USA"]
[EventCategory "8"]
[SourceTitle "CBM 211 Extra"]
[Source "ChessBase"]
[SourceDate "2023.01.31"]
[SourceVersion "1"]
[SourceVersionDate "2023.01.31"]
[SourceQuality "1"]

1. e4 c5 2. Nf3 d6 3. d4 cxd4 4. Nxd4 Nf6 5. Nc3 a6 6. a4 g6 7. Be2 Bg7 8. Be3 0-0 9. 0-0 Nc6 10. Nxc6 bxc6 11. a5 Nd7 12. Qd2 Rb8 13. b3 c5 14. Bh6 Bb7 15. Bxg7 Kxg7 16. f4 Nf6 17. Qe3 d5 18. exd5 Nxd5 19. Nxd5 Qxd5 20. Qe5+ Qxe5 21. fxe5 Be4 22. Ra2 Bb7 23. Rd1 Rfd8 24. Raa1 f6 25. exf6+ Kxf6 26. Bc4 e5 27. Rf1+ Kg5 28. Rae1 e4 29. Rf7 h5 30. Rc7 h4 31. Rxc5+ Kf4 32. Kf2 Rd2+ 33. Be2 e3+ 34. Kg1 Rc8 35. Rf1+ Ke4 36. Bd3+ Kd4 37. Rg5 Be4 38. Rg4 Re8 39. Rff4 Rd1+ 40. Rf1 Rxd3 41. cxd3 Kxd3 42. Rd1+ Kc3 43. Rf4 Bc2 44. Ra1 Kd2 45. Rd4+ Bd3 46. Ra2+ Kc3 47. Rxd3+ Kxd3 48. Kf1 Rc8 49. Ra1 e2+ 50. Ke1 Rf8 0-1

[Event "Charlotte CCCSA Fall GM-B"]
[Site "Charlotte"]
[Date "2022.11.20"]
[Round "5"]
[White "Hilby, Craig"]
[Black "Korley, Kassa"]
[Result "0-1"]
[WhiteElo "2411"]
[BlackElo "2451"]
[PlyCount "176"]
[EventDate "2022.11.18"]
[EventType "tourn"]
[EventRounds "9"]
[EventCountry "USA"]
[EventCategory "8"]
[SourceTitle "CBM 211 Extra"]
[Source "ChessBase"]
[SourceDate "2023.01.31"]
[SourceVersion "1"]
[SourceVersionDate "2023.01.31"]
[SourceQuality "1"]

1. c4 c6 2. Nf3 d5 3. e3 Nf6 4. Nc3 e6 5. d4 Nbd7 6. Qc2 Bd6 7. b3 0-0 8. Be2 b6 9. 0-0 Bb7 10. Bb2 Qe7 11. a4 a5 12. Rfe1 Bb4 13. Bd3 c5 14. Nd2 Rac8 15. Rac1 Rfd8 16. Qb1 Nf8 17. cxd5 cxd4 18. exd4 Nxd5 19. Nc4 Nxc3 20. Bxc3 Bxc3 21. Rxc3 Rxd4 22. Be4 Bxe4 23. Rxe4 Rxe4 24. Qxe4 Qb4 25. Qd3 b5 26. axb5 a4 27. b6 axb3 28. b7 Qxb7 29. Rxb3 Qa6 30. Ne3 Rc1+ 31. Nf1 Qa1 32. Rb8 g6 33. g3 Rd1 34. Qb5 Kg7 35. Kg2 Nd7 36. Qb2+ Qxb2 37. Rxb2 Ne5 38. Ne3 Rd7 39. h4 h6 40. Re2 Nd3 41. Ng4 Rd5 42. Ra2 Rb5 43. Rd2 Rb3 44. Re2 Nb4 45. Ne5 Nd5 46. Ra2 Rb7 47. Re2 Rc7 48. Rb2 g5 49. hxg5 hxg5 50. Re2 f6 51. Ng4 Kf7 52. Ne3 Ne7 53. Ng4 f5 54. Ne3 g4 55. f3 gxf3+ 56. Kxf3 Kf6 57. Rc2 Ra7 58. Rc3 Ng6 59. Rc2 Ne5+ 60. Kf2 Ra6 61. Rc8 Ra4 62. Rf8+ Ke7 63. Rc8 Ra2+ 64. Rc2 Ra8 65. Rc3 Nd7 66. Rc4 Ne5 67. Rc3 Rh8 68. Kg2 Kf6 69. Rc7 Nf7 70. Rc4 Rg8 71. Kf2 Nd6 72. Rc6 Ne4+ 73. Kf3 Ke5 74. Nf1 Ra8 75. Rc2 Ra3+ 76. Kg2 Kf6 77. Re2 Kg5 78. Ne3 Rd3 79. Nf1 e5 80. Ne3 Nc3 81. Re1 Rd2+ 82. Kg1 e4 83. Rf1 Ne2+ 84. Kg2 Nd4+ 85. Rf2 Rd3 86. Nd5 e3 87. Rf1 Rd2+ 88. Kh3 e2 0-1

[Event "Charlotte CCCSA Fall GM-B"]
[Site "Charlotte"]
[Date "2022.11.18"]
[Round "1"]
[White "Woodward, Andy"]
[Black "Hilby, Craig"]
[Result "1/2-1/2"]
[WhiteElo "2447"]
[BlackElo "2411"]
[PlyCount "85"]
[EventDate "2022.11.18"]
[EventType "tourn"]
[EventRounds "9"]
[EventCountry "USA"]
[EventCategory "8"]
[SourceTitle "CBM 211 Extra"]
[Source "ChessBase"]
[SourceDate "2023.01.31"]
[SourceVersion "1"]
[SourceVersionDate "2023.01.31"]
[SourceQuality "1"]

1. d4 d5 2. c4 e6 3. Nf3 Nf6 4. g3 Bb4+ 5. Bd2 Be7 6. Bg2 0-0 7. 0-0 c6 8. Qc2 b6 9. Bf4 Bb7 10. Nbd2 c5 11. dxc5 bxc5 12. cxd5 exd5 13. Rfd1 Nbd7 14. Nh4 Nh5 15. Nf5 Nxf4 16. gxf4 Re8 17. Qb3 Nb6 18. Nc4 Bf8 19. Nxb6 Qxb6 20. Ne3 Qxb3 21. axb3 Rab8 22. Rxa7 d4 23. Bxb7 dxe3 24. Rd7 exf2+ 25. Kf1 Re7 26. Rxe7 Bxe7 27. Bd5 Kf8 28. e4 f5 29. Bc4 fxe4 30. Kxf2 Bf6 31. Ke3 Bxb2 32. Be6 Rb4 33. Bc4 Rb6 34. Rc7 Bd4+ 35. Kxe4 Ke8 36. h4 Kd8 37. Ra7 Rh6 38. b4 Rxh4 39. b5 Rh6 40. Bd5 Rd6 41. Rf7 Kc8 42. Ra7 Bf6 43. Ra8+ 1/2-1/2

[Event "Titled Tuesday intern op 09th Aug Late"]
[Site "Chess.com INT"]
[Date "2022.08.09"]
[Round "11"]
[White "Hilby, Craig"]
[Black "Harriott, Tyrell"]
[Result "1-0"]
[WhiteElo "2411"]
[BlackElo "1897"]
[PlyCount "63"]
[EventDate "2022.08.09"]
[EventType "swiss (blitz)"]
[EventRounds "11"]
[EventCountry "USA"]
[SourceTitle "EXT 2023"]
[Source "ChessBase"]
[SourceDate "2022.10.05"]
[SourceVersion "1"]
[SourceVersionDate "2022.10.05"]
[SourceQuality "1"]

1. d4 e6 2. Nf3 d5 3. g3 f5 4. Bg2 Bd6 5. c4 c6 6. Ne5 Nf6 7. Qc2 0-0 8. Nd3 dxc4 9. Qxc4 Nd5 10. Nd2 f4 11. Nf3 Nd7 12. Nfe5 Bxe5 13. dxe5 N7b6 14. Qe4 g5 15. gxf4 gxf4 16. Nxf4 Qh4 17. Nd3 Qh5 18. Rg1 Kh8 19. Bf3 Qf7 20. Bh6 Rg8 21. 0-0-0 Bd7 22. Nc5 Be8 23. Qh4 Rg6 24. Be4 Qg8 25. Bxg6 Bxg6 26. e4 Qf7 27. exd5 Nxd5 28. Rxd5 exd5 29. Qf6+ Qxf6 30. exf6 Kg8 31. Nd7 Kf7 32. Bg7 1-0

[Event "Titled Tuesday intern op 09th Aug Late"]
[Site "Chess.com INT"]
[Date "2022.08.09"]
[Round "1"]
[White "Hilby, Craig"]
[Black "Thiel, Thomas"]
[Result "1/2-1/2"]
[WhiteElo "2411"]
[BlackElo "2230"]
[PlyCount "88"]
[EventDate "2022.08.09"]
[EventType "swiss (blitz)"]
[EventRounds "11"]
[EventCountry "USA"]
[SourceTitle "EXT 2023"]
[Source "ChessBase"]
[SourceDate "2022.10.05"]
[SourceVersion "1"]
[SourceVersionDate "2022.10.05"]
[SourceQuality "1"]

1. e4 d5 2. exd5 Nf6 3. d4 Nxd5 4. c4 Nb6 5. Nc3 e5 6. dxe5 Qxd1+ 7. Nxd1 Nc6 8. Nf3 Bg4 9. Be2 0-0-0 10. Bf4 Bb4+ 11. Kf1 Rhe8 12. a3 Bf8 13. Ne3 Bxf3 14. Bxf3 Nxe5 15. Bxe5 Rxe5 16. b4 g6 17. c5 Na4 18. Rd1 Rxd1+ 19. Bxd1 Nc3 20. Bb3 Nb5 21. a4 Nd4 22. Bxf7 a5 23. bxa5 Bxc5 24. g3 Nf5 25. Nxf5 gxf5 26. Kg2 Re2 27. Rf1 Kd7 28. Kf3 Rb2 29. Bg8 h6 30. Kf4 Rxf2+ 31. Rxf2 Bxf2 32. Kxf5 Be1 33. Kg6 Bd2 34. h4 Ke7 35. Bd5 c6 36. a6 bxa6 37. Bxc6 Kf8 38. Bd5 a5 39. g4 Be3 40. Kf6 Bf2 41. Kg6 Bxh4 42. Kxh6 Bf2 43. Kg6 Bd4 44. Kf5 Bg7 1/2-1/2

[Event "Titled Tuesday intern op 09th Aug Late"]
[Site "Chess.com INT"]
[Date "2022.08.09"]
[Round "7"]
[White "Hilby, Craig"]
[Black "Yurasova, Daria"]
[Result "0-1"]
[WhiteElo "2411"]
[BlackElo "2066"]
[PlyCount "106"]
[EventDate "2022.08.09"]
[EventType "swiss (blitz)"]
[EventRounds "11"]
[EventCountry "USA"]
[SourceTitle "EXT 2023"]
[Source "ChessBase"]
[SourceDate "2022.10.05"]
[SourceVersion "1"]
[SourceVersionDate "2022.10.05"]
[SourceQuality "1"]

1. e4 e5 2. Nf3 Nc6 3. Bb5 a6 4. Ba4 Nf6 5. 0-0 b5 6. Bb3 Bc5 7. a4 Bb7 8. d3 d6 9. Nc3 b4 10. Ne2 h6 11. Ng3 Ne7 12. c3 0-0 13. Nh4 Bc8 14. h3 Be6 15. Bc2 Ng6 16. Nxg6 fxg6 17. d4 Bb6 18. d5 Bd7 19. cxb4 a5 20. bxa5 Bxa5 21. Be3 Qc8 22. Bd2 Bb6 23. a5 Ba7 24. Kh2 Qb7 25. b4 Bb5 26. Ne2 Nh5 27. Ba4 Bxa4 28. Rxa4 Bxf2 29. Be1 Be3 30. Rxf8+ Rxf8 31. Bd2 Bf2 32. Ra3 Qb5 33. Rf3 Rxf3 34. gxf3 Qd3 35. Kg2 Be3 36. a6 Bxd2 37. a7 Qa6 38. Qxd2 Qxa7 39. Qc3 Qb6 40. Qc6 Qb8 41. b5 Qa7 42. Qe8+ Kh7 43. Qf7 Qe3 44. Kf1 Nf4 45. Nxf4 exf4 46. Qxc7 Qxf3+ 47. Ke1 Qxe4+ 48. Kf1 Qd3+ 49. Kg1 f3 50. Qxd6 Qxb5 51. Kf2 Qe2+ 52. Kg3 Qg2+ 53. Kf4 Qh2+ 0-1

[Event "US op 122nd"]
[Site "Rancho Mirage"]
[Date "2022.08.05"]
[Round "7"]
[White "Harrison, Joshua Alan"]
[Black "Hilby, Craig"]
[Result "1/2-1/2"]
[WhiteElo "1984"]
[BlackElo "2422"]
[PlyCount "86"]
[EventDate "2022.07.30"]
[EventType "swiss"]
[EventRounds "9"]
[EventCountry "USA"]
[SourceTitle "CBM 209 Extra"]
[Source "ChessBase"]
[SourceDate "2022.09.30"]
[SourceVersion "1"]
[SourceVersionDate "2022.09.30"]
[SourceQuality "1"]

1. e4 Na6 2. Nc3 c6 3. d4 Nc7 4. Be3 g6 5. Qd2 Bg7 6. f3 d5 7. Nge2 dxe4 8. fxe4 e5 9. d5 cxd5 10. exd5 Nf6 11. 0-0-0 0-0 12. h3 Nce8 13. g4 Nd6 14. Ng3 Bd7 15. Be2 Rc8 16. Bh6 Bxh6 17. Qxh6 Rxc3 18. bxc3 Qa5 19. Rdf1 Nde4 20. Nxe4 Nxe4 21. Qe3 Nxc3 22. Bc4 Rc8 23. Bb3 Qa3+ 24. Kd2 Nxd5 25. Qxe5 Be6 26. Rf3 Nb6 27. Rd3 Qb4+ 28. Kc1 Nc4 29. Qf6 h6 30. Rhd1 Kh7 31. h4 Qf8 32. Rd8 Rxd8 33. Rxd8 Qg7 34. g5 hxg5 35. hxg5 Qxf6 36. gxf6 g5 37. Re8 Nd6 38. Rd8 Nc4 39. Rb8 Nd6 40. Re8 Kg6 41. Re7 Kh7 42. Re8 Nc4 43. Rb8 g4 1/2-1/2

[Event "US op 122nd"]
[Site "Rancho Mirage"]
[Date "2022.07.31"]
[Round "2"]
[White "Hilby, Craig"]
[Black "Faulks, Anthony"]
[Result "1-0"]
[WhiteElo "2422"]
[BlackElo "1711"]
[PlyCount "81"]
[EventDate "2022.07.30"]
[EventType "swiss"]
[EventRounds "9"]
[EventCountry "USA"]
[SourceTitle "CBM 209 Extra"]
[Source "ChessBase"]
[SourceDate "2022.09.30"]
[SourceVersion "1"]
[SourceVersionDate "2022.09.30"]
[SourceQuality "1"]

1. e4 d6 2. d4 c6 3. Nc3 Qc7 4. Nf3 Bg4 5. h3 Bh5 6. g4 Bg6 7. Nh4 Nd7 8. f4 f6 9. Nxg6 hxg6 10. Bc4 e5 11. a3 Be7 12. Be3 d5 13. exd5 exf4 14. Bf2 Nb6 15. Bd3 g5 16. Bg6+ Kf8 17. dxc6 bxc6 18. Qf3 Bd6 19. 0-0 Ne7 20. Bd3 Kf7 21. Ne4 Ng6 22. c4 Be7 23. Rfe1 Rad8 24. Qe2 Nf8 25. Nc5 Bxc5 26. dxc5 Nc8 27. Kg2 Ne7 28. Rad1 Neg6 29. Bxg6+ Kxg6 30. Qe4+ Kf7 31. Rxd8 Qxd8 32. Qxc6 Ng6 33. Qe6+ Kf8 34. c6 f3+ 35. Kg1 Ne7 36. Bc5 f2+ 37. Kxf2 Qd2+ 38. Kg1 Qd3 39. Bxe7+ Ke8 40. Bd6+ Kd8 41. c7# 1-0

[Event "Biel HTO 55th"]
[Site "Biel"]
[Date "2022.07.16"]
[Round "4"]
[White "Mahitosh, Dey"]
[Black "Hilby, Craig"]
[Result "1/2-1/2"]
[WhiteElo "2212"]
[BlackElo "2422"]
[PlyCount "56"]
[EventDate "2022.07.13"]
[EventType "swiss"]
[EventRounds "9"]
[EventCountry "SUI"]
[SourceTitle "CBM 209 Extra"]
[Source "ChessBase"]
[SourceDate "2022.09.30"]
[SourceVersion "1"]
[SourceVersionDate "2022.09.30"]
[SourceQuality "1"]

1. d4 Na6 2. g3 g6 3. Bg2 Bg7 4. c3 d5 5. Na3 Nf6 6. Nf3 0-0 7. 0-0 c5 8. dxc5 Nxc5 9. Be3 b6 10. Bd4 Bb7 11. Ne5 Ne6 12. e3 Nxd4 13. cxd4 Nd7 14. Nxd7 Qxd7 15. Qb3 Rfc8 16. Rfc1 e6 17. Nc2 Ba6 18. Na3 Bf8 19. Bf1 Bxf1 20. Kxf1 Rc6 21. Rxc6 Qxc6 22. Nb5 a6 23. Nc3 b5 24. Rc1 Qc4+ 25. Ne2 Qxb3 26. axb3 a5 27. Nf4 a4 28. Ra1 Rb8 1/2-1/2

[Event "Budapest FS07 GM"]
[Site "Budapest"]
[Date "2022.07.02"]
[Round "1"]
[White "Stinka, Jakub"]
[Black "Hilby, Craig"]
[Result "1/2-1/2"]
[WhiteElo "2335"]
[BlackElo "2420"]
[PlyCount "60"]
[EventDate "2022.07.02"]
[EventType "tourn"]
[EventRounds "9"]
[EventCountry "HUN"]
[EventCategory "6"]
[SourceTitle "EXT 2023"]
[Source "ChessBase"]
[SourceDate "2022.10.05"]
[SourceVersion "1"]
[SourceVersionDate "2022.10.05"]
[SourceQuality "1"]

1. d4 e6 2. c4 b6 3. Nc3 Bb7 4. a3 Nf6 5. Nf3 d5 6. cxd5 Nxd5 7. e3 Be7 8. Bb5+ c6 9. Bd3 0-0 10. Qc2 h6 11. 0-0 Nxc3 12. bxc3 c5 13. e4 Nd7 14. Qe2 Qc7 15. Bb2 Rac8 16. Rad1 Rfd8 17. Nd2 cxd4 18. cxd4 e5 19. d5 Nc5 20. Rc1 Qb8 21. Nf3 Bd6 22. Bc4 a6 23. Nh4 b5 24. Ba2 Na4 25. Nf5 Nxb2 26. Nxd6 Qxd6 27. Qxb2 Rxc1 28. Rxc1 Rc8 29. Rxc8+ Bxc8 30. Qc3 Bb7 1/2-1/2

[Event "Teplice op 15th"]
[Site "Teplice"]
[Date "2022.06.26"]
[Round "9"]
[White "Hilby, Craig"]
[Black "Romanov, Evgeny"]
[Result "1/2-1/2"]
[WhiteElo "2420"]
[BlackElo "2581"]
[PlyCount "132"]
[EventDate "2022.06.18"]
[EventType "swiss"]
[EventRounds "9"]
[EventCountry "CZE"]
[SourceTitle "CBM 209 Extra"]
[Source "ChessBase"]
[SourceDate "2022.09.30"]
[SourceVersion "1"]
[SourceVersionDate "2022.09.30"]
[SourceQuality "1"]

1. e4 e5 2. Nf3 Nc6 3. Nc3 Nf6 4. Bb5 Bd6 5. d3 a6 6. Ba4 h6 7. a3 b5 8. Bb3 Bb7 9. Nd5 Nxd5 10. Bxd5 Qf6 11. c3 Rb8 12. d4 Ne7 13. Bxb7 Rxb7 14. 0-0 c6 15. Ne1 Bb8 16. Nd3 exd4 17. cxd4 Qxd4 18. Be3 Qd6 19. Bf4 Qf6 20. Bxb8 Rxb8 21. e5 Qf5 22. Nc5 Nd5 23. Nxa6 Ra8 24. Nc5 0-0 25. Re1 Rfe8 26. Qd4 Re7 27. Re4 Rae8 28. Rae1 f6 29. f4 fxe5 30. fxe5 Rf8 31. Nd3 Re6 32. R4e2 Qg5 33. Rf2 Ree8 34. Ref1 Rxf2 35. Qxf2 Qe3 36. h3 Re7 37. Qxe3 Nxe3 38. Re1 Nc4 39. Kf2 Kf7 40. Kf3 d6 41. Kf4 Re6 42. h4 dxe5+ 43. Nxe5+ Kf6 44. Nd7+ Ke7 45. Ne5 Rf6+ 46. Kg3 Nxe5 47. Rxe5+ Kd6 48. Re4 c5 49. Re8 Kd5 50. Re7 g6 51. Rc7 Kc4 52. b4 Kb3 53. bxc5 Kxa3 54. Rb7 b4 55. Rb6 Rf5 56. Ra6+ Kb2 57. Rxg6 Rxc5 58. Rxh6 b3 59. Rb6 Kc3 60. Kf3 Rc4 61. h5 b2 62. h6 Rh4 63. Rc6+ Kd2 64. Rd6+ Kc2 65. Rc6+ Kd2 66. Rd6+ Kc2 1/2-1/2

[Event "Prague op"]
[Site "Prague"]
[Date "2022.06.13"]
[Round "5"]
[White "Stefansson, Hannes"]
[Black "Hilby, Craig"]
[Result "0-1"]
[WhiteElo "2532"]
[BlackElo "2420"]
[PlyCount "91"]
[EventDate "2022.06.10"]
[EventType "swiss"]
[EventRounds "9"]
[EventCountry "CZE"]
[SourceTitle "CBM 208 Extra"]
[Source "ChessBase"]
[SourceDate "2022.07.31"]
[SourceVersion "1"]
[SourceVersionDate "2022.07.31"]
[SourceQuality "1"]

1. e4 e6 2. d4 d5 3. Nc3 Nf6 4. e5 Nfd7 5. f4 c5 6. Nf3 Nc6 7. Be3 cxd4 8. Nxd4 Qb6 9. Bb5 a6 10. Na4 Qa5+ 11. Bd2 Qc7 12. Bxc6 bxc6 13. c4 c5 14. Nf3 d4 15. 0-0 Be7 16. Qe1 Bb7 17. Ba5 Qc6 18. b3 f5 19. exf6 gxf6 20. Qh4 h5 21. Rae1 Kf7 22. Qh3 Rag8 23. Nb2 Rg4 24. Nd3 Bd6 25. Bd2 Ke7 26. Re2 Rhg8 27. Kh1 Nf8 28. Be1 Bxf4 29. Qxh5 Bd6 30. Bh4 Nd7 31. Qf5 Qe4 32. Rxe4 Bxe4 33. Qh5 Bxd3 34. Re1 Rxg2 35. b4 Bxc4 36. bxc5 Bf4 37. Bg3 Bxg3 38. Qh7+ Kf8 39. hxg3 R2xg3 40. c6 R3g7 41. Qh4 Bd5 42. cxd7 Bxf3+ 43. Kh2 Ke7 44. Rf1 Bd5 45. Rxf6 Kxd7 46. Qh5 0-1

[Event "Chicago op 31st"]
[Site "Chicago"]
[Date "2022.05.28"]
[Round "4"]
[White "Antova, Gabriela"]
[Black "Hilby, Craig"]
[Result "1/2-1/2"]
[WhiteElo "2293"]
[BlackElo "2420"]
[PlyCount "97"]
[EventDate "2022.05.26"]
[EventType "swiss"]
[EventRounds "9"]
[EventCountry "USA"]
[SourceTitle "CBM 208 Extra"]
[Source "ChessBase"]
[SourceDate "2022.07.31"]
[SourceVersion "1"]
[SourceVersionDate "2022.07.31"]
[SourceQuality "1"]

1. d4 e6 2. c4 b6 3. a3 Bb7 4. Nc3 Nf6 5. d5 Bd6 6. Nf3 0-0 7. g3 c6 8. dxe6 dxe6 9. Bg2 Qc7 10. 0-0 a6 11. Qc2 c5 12. Bg5 Nbd7 13. Rad1 h6 14. Qd3 hxg5 15. Qxd6 Qxd6 16. Rxd6 g4 17. Nd2 Bxg2 18. Kxg2 Rfb8 19. Nce4 Ne5 20. Nxf6+ gxf6 21. Rc1 Kf8 22. Nf1 Ke7 23. Rdd1 Nc6 24. f3 Nd4 25. Kf2 f5 26. Ne3 Rh8 27. Rh1 Rag8 28. Ng2 Rh6 29. b4 Rd8 30. Rcd1 Rc8 31. bxc5 bxc5 32. Rb1 Rd8 33. f4 Nc2 34. Ne3 Nxe3 35. Kxe3 Rdh8 36. h4 gxh3 37. Rb7+ Kf6 38. Rh2 Rd8 39. Rc7 Rb8 40. Rxc5 Rb3+ 41. Kf2 Rxa3 42. Rc7 Rh8 43. Ra7 Kg7 44. c5 Rc8 45. Rxh3 Rxc5 46. Rh1 Ra2 47. Rb1 Rcc2 48. Rbb7 Rxe2+ 49. Kf3 1/2-1/2